| 000 | 00622nam a2200217Ia 4500 | ||
|---|---|---|---|
| 008 | 180523s9999 xx 000 0 und d | ||
| 020 | _a978-621415-000-7 | ||
| 050 | _aFIL G 154.7 | ||
| 050 | _b.S25 2016 | ||
| 100 | _aSalamanca, Ma. Dolores N. | ||
| 245 | 0 | _aTour guiding services / | |
| 245 | 0 | _cMa. Dolores N. Salamancan, Henrietta M. Roque | |
| 260 | _aPhilippines : | ||
| 260 | _bJFS Publishing, | ||
| 260 | _c2016 | ||
| 300 | _a112 pages : | ||
| 300 | _billustrations ; | ||
| 300 | _c26 cm. | ||
| 500 | _aIncludes bibliographical references. | ||
| 650 | _aTour guides (Persons) -- Vocational guidance. | ||
| 999 |
_c357853 _d357853 |
||